Science Quiz

Random Science or Elements Quiz

What Did I Type? (Elements) Quiz Stats

 Plays Quiz Updated Sep 3, 2017

Challenge
Share
Tweet
Score 0/20 Timer 08:00
0 Plays Today
% Correct
Tin
98.1%
Gold
84.3%
Neon
80.3%
Argon
74.5%
Xenon
73.2%
Oxygen
65.7%
Copper
54.3%
Calcium
52.2%
Krypton
50.2%
Curium
45.7%
% Correct
Fluorine
41.6%
Vanadium
39.8%
Silicon
39.1%
Potassium
36.3%
Palladium
35.3%
Titanium
33.2%
Manganese
32.4%
Phosphorus
30.6%
Molybdenum
26.4%
Einsteinium
14.1%

You're not logged in!

Compare scores with friends on all Sporcle quizzes.
Join for Free
OR
Log In

You Might Also Like...

Show Comments

Extras

Top Quizzes Today


Score Distribution

Your Account Isn't Verified!

In order to create a playlist on Sporcle, you need to verify the email address you used during registration. Go to your Sporcle Settings to finish the process.

Report this User

Report this user for behavior that violates our Community Guidelines.

Details: